[Event "Florianopolis op 10th"]
[Site "Florianopolis"]
[Date "2024.01.26"]
[Round "8"]
[White "Pavao, Alice Lara Biasi"]
[Black "Cavalcante, Adriano Nunes"]
[Result "0-1"]
[WhiteElo "1517"]
[BlackElo "1878"]
[PlyCount "140"]
[EventDate "2024.01.20"]
[EventType "swiss"]
[EventRounds "10"]
[EventCountry "BRA"]
[SourceTitle "CB05_2024"]
[SourceDate "2024.01.31"]
[SourceVersion "1"]
[SourceVersionDate "2024.01.31"]
[SourceQuality "1"]

1. c4 e6 2. g3 d5 3. Bg2 Nf6 4. d4 Bb4+ 5. Bd2 Be7 6. Nc3 0-0 7. Nf3 dxc4 8. Qa4 Bd7 9. Qxc4 Bc6 10. 0-0 a6 11. a3 Nbd7 12. Qd3 h6 13. e4 Nc5 14. Qe3 Ncxe4 15. Ne5 Nxd2 16. Qxd2 Bxg2 17. Kxg2 Nd5 18. Rfd1 Bf6 19. Rac1 c6 20. Nf3 a5 21. Na4 Be7 22. Nc5 Bxc5 23. Rxc5 a4 24. Ne5 Nb6 25. Qb4 Nd7 26. Nxd7 Qxd7 27. Rdc1 Rfd8 28. R5c4 Qd5+ 29. Kg1 Rd7 30. Qb6 Qa5 31. Qxa5 Rxa5 32. Rb4 Ra6 33. b3 axb3 34. Rxb3 Kf8 35. Kg2 Ke7 36. Kf3 Ra4 37. Rcb1 b5 38. Rc3 Rd6 39. Ke3 Kd7 40. Rb4 Ra6 41. f3 Ke7 42. g4 Rd8 43. Ke4 Kd6 44. f4 Rda8 45. Rbb3 Ra4 46. h4 f6 47. Kf3 Rxd4 48. Rd3 Raa4 49. Rxd4+ Rxd4 50. Ke3 e5 51. fxe5+ fxe5 52. Kf3 Rf4+ 53. Kg3 Kd5 54. Rd3+ Ke6 55. Rc3 Kd6 56. Rd3+ Kc7 57. Re3 Ra4 58. Rxe5 Rxa3+ 59. Kf4 Ra7 60. Kf5 Kb6 61. Kg6 b4 62. Rf5 c5 63. Rf7 Rxf7 64. Kxf7 b3 65. Kxg7 b2 66. Kxh6 b1Q 67. g5 c4 68. g6 c3 69. g7 Qb3 70. Kh7 Qf7 0-1

[Event "Santa Maria op 3rd"]
[Site "Santa Maria de Jetiba"]
[Date "2023.04.22"]
[Round "5"]
[White "Milkievicz Da Rocha, Mateus"]
[Black "Pavao, Alice Lara Biasi"]
[Result "1/2-1/2"]
[WhiteElo "1751"]
[BlackElo "1443"]
[PlyCount "78"]
[EventDate "2023.04.21"]
[EventType "swiss"]
[EventRounds "7"]
[EventCountry "BRA"]
[SourceTitle "EXT 2024"]
[Source "ChessBase"]
[SourceDate "2023.10.10"]
[SourceVersion "1"]
[SourceVersionDate "2023.10.10"]
[SourceQuality "1"]

1. e4 c5 2. Nc3 g6 3. f4 Bg7 4. Nf3 Nc6 5. Bc4 e6 6. 0-0 Nge7 7. Qe1 0-0 8. Qh4 d5 9. Be2 dxe4 10. Nxe4 Nd4 11. Bd1 Nef5 12. Qxd8 Rxd8 13. c3 Nxf3+ 14. Bxf3 Bf8 15. a3 Rb8 16. b4 cxb4 17. axb4 a6 18. Bb2 Be7 19. Rfd1 Nd6 20. Nxd6 Rxd6 21. d4 Bd7 22. c4 Bc6 23. Bxc6 Rxc6 24. c5 Rd8 25. Rab1 Rc7 26. Rd2 Rcd7 27. Rbd1 Rd5 28. Kf1 Kf8 29. Ke2 h5 30. g3 Ke8 31. h4 Kd7 32. Bc3 Kc6 33. Rd3 Kb5 34. Ke3 R8d7 35. Be1 Kc6 36. Bc3 Rc7 37. Rb1 Rcd7 38. Rbd1 Kb5 39. Ke4 Kc6 1/2-1/2

[Event "Santa Maria op 3rd"]
[Site "Santa Maria de Jetiba"]
[Date "2023.04.22"]
[Round "4"]
[White "Pavao, Alice Lara Biasi"]
[Black "De Freitas, Fabio Ribeiro"]
[Result "0-1"]
[WhiteElo "1443"]
[BlackElo "1744"]
[PlyCount "112"]
[EventDate "2023.04.21"]
[EventType "swiss"]
[EventRounds "7"]
[EventCountry "BRA"]
[SourceTitle "EXT 2024"]
[Source "ChessBase"]
[SourceDate "2023.10.10"]
[SourceVersion "1"]
[SourceVersionDate "2023.10.10"]
[SourceQuality "1"]

1. c4 f5 2. g3 Nf6 3. Bg2 Nc6 4. Nc3 e5 5. e3 Nb4 6. d3 d5 7. cxd5 Nbxd5 8. Nge2 Be6 9. 0-0 Qd7 10. Nxd5 Nxd5 11. Nc3 0-0-0 12. d4 e4 13. Nxd5 Bxd5 14. Qc2 g5 15. f3 Re8 16. fxe4 Bxe4 17. Bxe4 fxe4 18. Qf2 Bd6 19. Qf5 g4 20. Qxd7+ Kxd7 21. Bd2 h5 22. Rf2 h4 23. gxh4 Rxh4 24. Rg2 Reh8 25. Kf2 Rxh2 26. Rag1 Rxg2+ 27. Rxg2 Rh2 28. Rxh2 Bxh2 29. Kg2 Bd6 30. Be1 Ke7 31. Bf2 b5 32. b3 c5 33. dxc5 Bxc5 34. Kg3 Kf6 35. Kh4 a6 36. Bg1 Be7 37. Kg3 Kg5 38. Bf2 Bb4 39. Kg2 Bd6 40. Be1 Kf5 41. Bh4 a5 42. Be1 a4 43. bxa4 bxa4 44. Bh4 Ke6 45. Be1 Bc5 46. Kf2 Bb4 47. Ke2 Bxe1 48. Kxe1 Kd5 49. Kf2 Kc4 50. Kg3 Kb4 51. Kxg4 Ka3 52. Kf4 Kxa2 53. Kxe4 Kb2 54. Kd4 a3 55. e4 a2 56. e5 a1Q 0-1

[Event "Catarinense-ch U20 Girls"]
[Site "Rio Negrinho"]
[Date "2023.03.26"]
[Round "6"]
[White "Nagel, Yasmin Da Silva"]
[Black "Pavao, Alice Lara Biasi"]
[Result "1-0"]
[WhiteElo "1510"]
[BlackElo "1484"]
[PlyCount "101"]
[EventDate "2023.03.24"]
[EventType "swiss"]
[EventRounds "6"]
[EventCountry "BRA"]
[SourceTitle "CBM 213 Extra"]
[Source "ChessBase"]
[SourceDate "2023.05.31"]
[SourceVersion "1"]
[SourceVersionDate "2023.05.31"]
[SourceQuality "1"]

1. e4 c5 2. Nf3 g6 3. d4 cxd4 4. Nxd4 Bg7 5. c4 Nc6 6. Be3 d6 7. Nc3 Nf6 8. Be2 0-0 9. 0-0 Bd7 10. Nxc6 Bxc6 11. f3 b6 12. Qc2 Rc8 13. Rad1 Qc7 14. b3 Bd7 15. Qd2 Rfd8 16. Bg5 Bc6 17. Bh6 a6 18. Bxg7 Kxg7 19. Bd3 b5 20. Kh1 bxc4 21. Bxc4 Bb7 22. Bd5 Nxd5 23. Nxd5 Bxd5 24. Qxd5 Qc5 25. Qb7 Qa3 26. Qxe7 Qxa2 27. Rxd6 Re8 28. Qf6+ Kg8 29. Rxa6 Qxb3 30. Rfa1 Qe3 31. h3 Rc1+ 32. Rxc1 Qxc1+ 33. Kh2 Qc7+ 34. Qd6 Qxd6+ 35. Rxd6 Kg7 36. Kg3 Re5 37. Kf4 Rc5 38. g3 h6 39. h4 Kf8 40. Rd5 Rc6 41. g4 Re6 42. h5 Rf6+ 43. Ke3 g5 44. e5 Re6 45. Ke4 Ke7 46. f4 f6 47. Kf5 Rc6 48. Rd6 Rc4 49. fxg5 fxe5 50. Rxh6 e4 51. Re6+ 1-0

[Event "Catarinense-ch U20 Girls"]
[Site "Rio Negrinho"]
[Date "2023.03.24"]
[Round "1"]
[White "Pavao, Alice Lara Biasi"]
[Black "Nunes, Nicole"]
[Result "1-0"]
[WhiteElo "1484"]
[BlackElo "1659"]
[PlyCount "109"]
[EventDate "2023.03.24"]
[EventType "swiss"]
[EventRounds "6"]
[EventCountry "BRA"]
[SourceTitle "CBM 213 Extra"]
[Source "ChessBase"]
[SourceDate "2023.05.31"]
[SourceVersion "1"]
[SourceVersionDate "2023.05.31"]
[SourceQuality "1"]

1. c4 c5 2. g3 g6 3. Bg2 Bg7 4. Nf3 Nf6 5. 0-0 0-0 6. Nc3 Re8 7. d4 cxd4 8. Nxd4 Nc6 9. Nxc6 bxc6 10. Qc2 Bb7 11. Rd1 Qc7 12. Qd3 Rad8 13. Bg5 Qb6 14. Be3 Qc7 15. h3 Ba6 16. Qd4 d5 17. cxd5 cxd5 18. Nxd5 Nxd5 19. Qxa7 Qxa7 20. Bxa7 Bxe2 21. Rd2 Bb5 22. Rxd5 Rxd5 23. Bxd5 Ba6 24. Rb1 e6 25. Bg2 Re7 26. Be3 Bb7 27. Bc5 Rd7 28. Bxb7 Rxb7 29. b4 Bf8 30. Bxf8 Kxf8 31. Kf1 Ke7 32. Ke2 Kd6 33. Rd1+ Ke5 34. a3 f5 35. Ke3 g5 36. Rd4 Ra7 37. f4+ gxf4+ 38. gxf4+ Kf6 39. Rd3 e5 40. Rd6+ Ke7 41. Rd3 e4 42. Rc3 h6 43. b5 h5 44. b6 Rb7 45. Rc6 Kd7 46. Rf6 h4 47. Kd4 Ke7 48. Rh6 Rd7+ 49. Ke5 e3 50. b7 e2 51. Rh7+ Ke8 52. b8Q+ Rd8 53. Rh8+ Kf7 54. Qb7+ Kg6 55. Qh7# 1-0

[Event "Florianopolis op 9th"]
[Site "Florianopolis"]
[Date "2023.01.26"]
[Round "5"]
[White "Pavao, Alice Lara Biasi"]
[Black "Mendonca, Erico"]
[Result "0-1"]
[WhiteElo "1401"]
[BlackElo "1756"]
[PlyCount "76"]
[EventDate "2023.01.23"]
[EventType "swiss"]
[EventRounds "10"]
[EventCountry "BRA"]
[SourceTitle "CBM 212 Extra"]
[Source "ChessBase"]
[SourceDate "2023.03.31"]
[SourceVersion "1"]
[SourceVersionDate "2023.03.31"]
[SourceQuality "1"]

1. c4 e6 2. g3 d5 3. Bg2 c6 4. b3 f5 5. Nf3 Nf6 6. 0-0 Bc5 7. d4 Bd6 8. e3 0-0 9. cxd5 cxd5 10. Bb2 Nbd7 11. Nc3 a6 12. Qe2 Ne4 13. Nd2 Ndf6 14. Ndxe4 fxe4 15. Rac1 Bd7 16. a3 b5 17. b4 Be8 18. Rc2 Bh5 19. f3 Nd7 20. g4 Qh4 21. Bh1 exf3 22. Bxf3 Rxf3 23. Qxf3 Rf8 24. Qg2 Rxf1+ 25. Qxf1 Bxg4 26. Qf2 Qh5 27. Ne2 Nf6 28. Ng3 Qg6 29. Rc6 Bxg3 30. hxg3 h5 31. Rxa6 Qb1+ 32. Kh2 Ne4 33. Qg2 Ng5 34. Ra8+ Kh7 35. Rf8 Qd1 36. Qf2 Nf3+ 37. Kg2 Bh3+ 38. Kxh3 Qh1+ 0-1

[Event "Florianopolis op 9th"]
[Site "Florianopolis"]
[Date "2023.01.23"]
[Round "1"]
[White "Pavao, Alice Lara Biasi"]
[Black "Boff, Lucas Strauss"]
[Result "0-1"]
[WhiteElo "1401"]
[BlackElo "2036"]
[PlyCount "108"]
[EventDate "2023.01.23"]
[EventType "swiss"]
[EventRounds "10"]
[EventCountry "BRA"]
[SourceTitle "CBM 212 Extra"]
[Source "ChessBase"]
[SourceDate "2023.03.31"]
[SourceVersion "1"]
[SourceVersionDate "2023.03.31"]
[SourceQuality "1"]

1. c4 Nf6 2. g3 g6 3. Bg2 Bg7 4. Nf3 0-0 5. 0-0 d5 6. cxd5 Nxd5 7. Nc3 c5 8. a3 Nc6 9. Nxd5 Qxd5 10. Qc2 Bd7 11. d3 Qd6 12. Bd2 Rac8 13. Rab1 b6 14. Rfe1 Rfd8 15. Qc4 Ne5 16. Nxe5 Bxe5 17. Bc3 Bd4 18. Bxd4 cxd4 19. Qd5 Qc5 20. Qxc5 Rxc5 21. Rbc1 Rdc8 22. Rb1 Be6 23. b4 Rc2 24. h3 Ra2 25. Ra1 Rcc2 26. Kf1 Kf8 27. a4 Rcb2 28. b5 Rxa1 29. Rxa1 Ra2 30. Rxa2 Bxa2 31. Bc6 Bb3 32. Ke1 Bxa4 33. Kd2 e5 34. Kc1 a6 35. Kb2 Bxb5 36. Bxb5 axb5 37. Kb3 Ke7 38. Kb4 Kd6 39. Kxb5 Kc7 40. f3 f5 41. g4 f4 42. h4 h5 43. g5 Kb7 44. Kb4 Kc6 45. Kc4 b5+ 46. Kb4 Kb6 47. Kb3 Kc5 48. Kc2 Kb4 49. Kb2 Ka4 50. Ka2 b4 51. Kb2 b3 52. Kb1 Ka3 53. Ka1 b2+ 54. Kb1 Kb3 0-1

[Event "BRA Amateur-ch U1800"]
[Site "Sao Paulo"]
[Date "2022.11.04"]
[Round "3"]
[White "Pavao, Alice Lara Biasi"]
[Black "Modes, Andre Vinicius"]
[Result "1-0"]
[WhiteElo "1416"]
[BlackElo "1562"]
[PlyCount "141"]
[EventDate "2022.11.03"]
[EventType "swiss"]
[EventRounds "7"]
[EventCountry "BRA"]
[SourceTitle "CBM 211 Extra"]
[Source "ChessBase"]
[SourceDate "2023.01.31"]
[SourceVersion "1"]
[SourceVersionDate "2023.01.31"]
[SourceQuality "1"]

1. c4 Nf6 2. g3 e6 3. Bg2 c6 4. Nf3 d5 5. cxd5 exd5 6. d4 Bb4+ 7. Bd2 Bxd2+ 8. Nbxd2 0-0 9. 0-0 h6 10. e3 Na6 11. a3 Nc7 12. Nb1 Bf5 13. Nc3 Qd6 14. Re1 Nd7 15. Nd2 Nf6 16. Nf3 Qe6 17. Rc1 Bg4 18. Qd2 Bh3 19. Ne5 Bxg2 20. Kxg2 Qd6 21. Qe2 Nd7 22. Nxd7 Qxd7 23. Qc2 g6 24. Na4 Ne6 25. Nc5 Nxc5 26. Qxc5 f5 27. h4 a6 28. Rc2 Rf7 29. Rec1 Re7 30. Qc3 Ree8 31. Qd3 Re4 32. Rd2 Qd6 33. Qc3 g5 34. hxg5 hxg5 35. Rd3 Rg4 36. Rh1 Rf8 37. Qc5 Qc7 38. Rh6 Kg7 39. Qd6 Qxd6 40. Rxd6 Re4 41. Rd7+ Rf7 42. Rxf7+ Kxf7 43. Rb3 b5 44. Rc3 Re6 45. b3 Ke7 46. Kf3 Kd6 47. b4 Re4 48. Rd3 Re8 49. Rd2 Rd8 50. Rd3 a5 51. g4 axb4 52. axb4 Ke6 53. Rc3 Rc8 54. Kg3 Kf6 55. f3 Ke6 56. f4 gxf4+ 57. exf4 fxg4 58. Kxg4 Rg8+ 59. Kf3 Kd6 60. f5 Rh8 61. Kg4 Re8 62. Kf3 Re4 63. Rd3 Ke7 64. Re3 Rxe3+ 65. Kxe3 Kf6 66. Kf4 c5 67. dxc5 d4 68. Ke4 Kg5 69. Kxd4 Kxf5 70. Kd5 Kf4 71. c6 1-0

[Event "Florianopolis Spring op 2nd"]
[Site "Florianopolis"]
[Date "2022.10.21"]
[Round "1"]
[White "Almeida Junior, Alvaro Alves de"]
[Black "Pavao, Alice Lara Biasi"]
[Result "1-0"]
[WhiteElo "2074"]
[BlackElo "1436"]
[PlyCount "101"]
[EventDate "2022.10.21"]
[EventType "swiss"]
[EventRounds "6"]
[EventCountry "BRA"]
[SourceTitle "EXT 2024"]
[Source "ChessBase"]
[SourceDate "2023.10.10"]
[SourceVersion "1"]
[SourceVersionDate "2023.10.10"]
[SourceQuality "1"]

1. e4 c5 2. Nf3 Nc6 3. d4 cxd4 4. Nxd4 g6 5. c4 Bg7 6. Be3 Nf6 7. Nc3 0-0 8. Be2 d6 9. 0-0 Nxd4 10. Bxd4 Be6 11. b3 a6 12. Rc1 Qc7 13. f4 Bc8 14. Kh1 e6 15. Bf3 Nd7 16. Bxg7 Kxg7 17. Qd4+ Kg8 18. Rcd1 e5 19. Qd2 f6 20. Bg4 exf4 21. Rxf4 Ne5 22. Bxc8 Raxc8 23. Qxd6 Qxd6 24. Rxd6 Kg7 25. Rb6 Rf7 26. h3 Rc6 27. Nd5 Rxb6 28. Nxb6 Nd3 29. Rf3 Nc5 30. Rf4 Re7 31. Nd5 Re6 32. Nc3 Nd3 33. Rf3 Nc5 34. Re3 f5 35. Kg1 Nxe4 36. Nd5 Nc5 37. Rc3 Ne4 38. Rc2 Ng3 39. Kf2 Ne4+ 40. Ke3 Nf6+ 41. Kd4 Re4+ 42. Kc5 Re5 43. Kd6 Re8 44. Kc7 b5 45. Nxf6 Kxf6 46. c5 Re7+ 47. Kb6 Re6+ 48. c6 Ke7 49. Kxa6 Kd6 50. Kb7 Re8 51. c7 1-0

[Event "Niteroi op 2nd"]
[Site "Niteroi"]
[Date "2022.09.07"]
[Round "9"]
[White "Da Silva, Jose Almir Martins"]
[Black "Pavao, Alice Lara Biasi"]
[Result "1-0"]
[WhiteElo "1912"]
[BlackElo "1366"]
[PlyCount "99"]
[EventDate "2022.09.01"]
[EventType "swiss"]
[EventRounds "9"]
[EventCountry "BRA"]
[SourceTitle "EXT 2024"]
[Source "ChessBase"]
[SourceDate "2023.10.10"]
[SourceVersion "1"]
[SourceVersionDate "2023.10.10"]
[SourceQuality "1"]

1. e4 c5 2. Nf3 Nc6 3. d4 cxd4 4. Nxd4 g6 5. Nxc6 bxc6 6. Qd4 Nf6 7. e5 Nh5 8. e6 Bg7 9. exf7+ Kxf7 10. Qc4+ e6 11. Be2 Rf8 12. Nc3 Nf6 13. Bg5 Qb6 14. Be3 Qc7 15. Bf4 Qb6 16. Bd6 Re8 17. 0-0 Bf8 18. Bxf8 Rxf8 19. Rad1 Qxb2 20. Rb1 Qa3 21. Rb3 Qa5 22. Qf4 Qf5 23. Qd2 Ne4 24. Nxe4 Qxe4 25. Rf3+ Kg8 26. Rxf8+ Kxf8 27. Rd1 Rb8 28. Qd6+ Kg7 29. Qxb8 Qxe2 30. Qb1 Qb5 31. Qa1+ Kg8 32. Rb1 Qa5 33. Rb8 Qc7 34. Qb2 e5 35. Qb3+ Kg7 36. Qb2 Kg8 37. Rb3 Ba6 38. Rb8+ Bc8 39. g3 Kg7 40. f4 d6 41. fxe5 dxe5 42. a4 Kf7 43. Qb3+ Kg7 44. Qb2 Kf7 45. c4 Ba6 46. Qb4 Bc8 47. a5 e4 48. a6 c5 49. Rxc8 Qxc8 50. Qb7+ 1-0

[Event "Niteroi op 2nd"]
[Site "Niteroi"]
[Date "2022.09.05"]
[Round "7"]
[White "Silva, Joao Paulo Gomes"]
[Black "Pavao, Alice Lara Biasi"]
[Result "1/2-1/2"]
[WhiteElo "1587"]
[BlackElo "1366"]
[PlyCount "51"]
[EventDate "2022.09.01"]
[EventType "swiss"]
[EventRounds "9"]
[EventCountry "BRA"]
[SourceTitle "CBM 210 Extra"]
[Source "ChessBase"]
[SourceDate "2022.11.30"]
[SourceVersion "1"]
[SourceVersionDate "2022.11.30"]
[SourceQuality "1"]

1. Nf3 Nf6 2. c4 g6 3. g3 Bg7 4. Nc3 0-0 5. Bg2 c5 6. 0-0 Nc6 7. a3 d5 8. cxd5 Nxd5 9. Nxd5 Qxd5 10. d3 Qd7 11. Rb1 b6 12. Bf4 Bb7 13. b4 cxb4 14. axb4 e5 15. Bc1 Nd4 16. Nxd4 Bxg2 17. Kxg2 Qxd4 18. Bb2 Qd6 19. Qa4 Rfd8 20. Rfd1 Qd7 21. Qa1 Re8 22. Kg1 f5 23. Qa2+ Qe6 24. Qa1 Qe7 25. Qa2+ Qe6 26. Qa1 1/2-1/2

[Event "Niteroi op 2nd"]
[Site "Niteroi"]
[Date "2022.09.04"]
[Round "5"]
[White "Da Silva, Joao Carlos Orguim"]
[Black "Pavao, Alice Lara Biasi"]
[Result "1-0"]
[WhiteElo "1747"]
[BlackElo "1366"]
[PlyCount "71"]
[EventDate "2022.09.01"]
[EventType "swiss"]
[EventRounds "9"]
[EventCountry "BRA"]
[SourceTitle "CBM 210 Extra"]
[Source "ChessBase"]
[SourceDate "2022.11.30"]
[SourceVersion "1"]
[SourceVersionDate "2022.11.30"]
[SourceQuality "1"]

1. e4 c5 2. Nf3 g6 3. d4 cxd4 4. Nxd4 Bg7 5. Nc3 Nc6 6. Be3 Nf6 7. Bc4 0-0 8. Bb3 Ng4 9. Qxg4 Nxd4 10. 0-0-0 Nxb3+ 11. axb3 b6 12. Qe2 Bb7 13. f3 d6 14. Qd2 a6 15. Bh6 Qc7 16. Bxg7 Kxg7 17. h4 h5 18. g4 Rh8 19. Qd4+ Kg8 20. Rd2 Qc5 21. g5 Qxd4 22. Rxd4 b5 23. Kd2 Kg7 24. Ra1 Rhc8 25. f4 Rc5 26. b4 Rc4 27. Rxc4 bxc4 28. Ke3 f6 29. Nd5 f5 30. Nb6 Rb8 31. exf5 gxf5 32. c3 d5 33. Kd4 e6 34. Nd7 Rc8 35. Nc5 Bc6 36. Rxa6 1-0

[Event "Chapeco op"]
[Site "Chapeco"]
[Date "2022.02.13"]
[Round "5"]
[White "Nascimento, Andre Renato"]
[Black "Pavao, Alice Lara Biasi"]
[Result "0-1"]
[WhiteElo "1823"]
[BlackElo "1155"]
[PlyCount "104"]
[EventDate "2022.02.11"]
[EventType "swiss"]
[EventRounds "6"]
[EventCountry "BRA"]
[SourceTitle "CBM 207 Extra"]
[Source "ChessBase"]
[SourceDate "2022.05.31"]
[SourceVersion "1"]
[SourceVersionDate "2022.05.31"]
[SourceQuality "1"]

1. e4 c5 2. Nf3 g6 3. c3 Bg7 4. Be2 Nc6 5. Na3 Nf6 6. e5 Ng4 7. d4 cxd4 8. cxd4 0-0 9. h3 Nh6 10. 0-0 d6 11. d5 Nxe5 12. Nxe5 dxe5 13. Nc2 e6 14. Rb1 Nf5 15. dxe6 Bxe6 16. b3 Qxd1 17. Rxd1 Rfd8 18. Bb2 Rac8 19. g4 Ne7 20. Ne3 Nd5 21. Nc4 Nf4 22. Bf1 Bxc4 23. bxc4 b6 24. Kh2 Bf6 25. h4 Bxh4 26. Bxe5 Ne6 27. Bg3 Bxg3+ 28. Kxg3 Rxd1 29. Rxd1 Rd8 30. Rxd8+ Nxd8 31. f4 Kg7 32. Kf3 h6 33. Ke4 Kf6 34. Kd5 Ke7 35. f5 gxf5 36. gxf5 f6 37. c5 bxc5 38. Kxc5 Kd7 39. Bg2 Kc7 40. Kb5 h5 41. Bd5 h4 42. Kc4 Kd6 43. Bh1 Ke5 44. Kc5 Kxf5 45. Kd6 Kg4 46. Kd7 f5 47. Kxd8 f4 48. Kc7 f3 49. Kb7 a5 50. a4 f2 51. Bg2 Kg3 52. Bf1 h3 0-1

[Event "Chapeco op"]
[Site "Chapeco"]
[Date "2022.02.13"]
[Round "6"]
[White "Pavao, Alice Lara Biasi"]
[Black "Andrade, Moacir Belarmino F"]
[Result "1/2-1/2"]
[WhiteElo "1155"]
[BlackElo "1478"]
[PlyCount "28"]
[EventDate "2022.02.11"]
[EventType "swiss"]
[EventRounds "6"]
[EventCountry "BRA"]
[SourceTitle "CBM 207 Extra"]
[Source "ChessBase"]
[SourceDate "2022.05.31"]
[SourceVersion "1"]
[SourceVersionDate "2022.05.31"]
[SourceQuality "1"]

1. c4 e5 2. g3 Nf6 3. Bg2 Nc6 4. d3 Be7 5. Nf3 d6 6. 0-0 0-0 7. Nc3 Bd7 8. a3 Qc8 9. b4 Bh3 10. b5 Bxg2 11. Kxg2 Nd8 12. a4 c6 13. bxc6 Nxc6 14. Bd2 Nd7 1/2-1/2

[Event "Chapeco op"]
[Site "Chapeco"]
[Date "2022.02.12"]
[Round "4"]
[White "Pavao, Alice Lara Biasi"]
[Black "Pavao, Fabio Biasi"]
[Result "0-1"]
[WhiteElo "1155"]
[BlackElo "1783"]
[PlyCount "54"]
[EventDate "2022.02.11"]
[EventType "swiss"]
[EventRounds "6"]
[EventCountry "BRA"]
[SourceTitle "CBM 207 Extra"]
[Source "ChessBase"]
[SourceDate "2022.05.31"]
[SourceVersion "1"]
[SourceVersionDate "2022.05.31"]
[SourceQuality "1"]

1. c4 e6 2. Nf3 d5 3. cxd5 exd5 4. g3 Nf6 5. Bg2 Bd6 6. 0-0 0-0 7. Nc3 c6 8. e3 Bg4 9. h3 Bh5 10. g4 Bg6 11. Nh4 Bd3 12. Re1 Nbd7 13. Nf3 Ne4 14. Nxe4 Bxe4 15. d4 f5 16. Nd2 Bxg2 17. Kxg2 fxg4 18. hxg4 Qh4 19. f4 Nf6 20. Rh1 Qxg4+ 21. Qxg4 Nxg4 22. Nf3 Rae8 23. Re1 c5 24. Bd2 c4 25. Re2 Bxf4 26. Rae1 Bd6 27. a4 Re6 0-1

[Event "Florianopolis op 8th"]
[Site "Florianopolis"]
[Date "2022.01.28"]
[Round "7"]
[White "Dos Santos, Douglas Asterio"]
[Black "Pavao, Alice Lara Biasi"]
[Result "0-1"]
[WhiteElo "1503"]
[BlackElo "1155"]
[PlyCount "46"]
[EventDate "2022.01.24"]
[EventType "swiss"]
[EventRounds "10"]
[EventCountry "BRA"]
[SourceTitle "CBM 206 Extra"]
[Source "ChessBase"]
[SourceDate "2022.03.31"]
[SourceVersion "1"]
[SourceVersionDate "2022.03.31"]
[SourceQuality "1"]

1. d4 Nf6 2. Nf3 g6 3. Bf4 Bg7 4. e3 0-0 5. Be2 d6 6. h3 c5 7. 0-0 cxd4 8. exd4 Nbd7 9. Re1 b6 10. c4 Bb7 11. d5 Nh5 12. Bh2 Bxb2 13. Nbd2 Bxa1 14. Qxa1 Nhf6 15. Bd3 Nc5 16. Bc2 Rc8 17. Bf4 e5 18. Bh6 Re8 19. Ng5 Re7 20. Ndf3 Ncd7 21. Bd3 Ba6 22. Qc3 b5 23. h4 Ng4 0-1

[Event "Florianopolis op 8th"]
[Site "Florianopolis"]
[Date "2022.01.25"]
[Round "2"]
[White "Pereira Junior, Ignacio Marrero"]
[Black "Pavao, Alice Lara Biasi"]
[Result "1-0"]
[WhiteElo "1707"]
[BlackElo "1155"]
[PlyCount "59"]
[EventDate "2022.01.24"]
[EventType "swiss"]
[EventRounds "10"]
[EventCountry "BRA"]
[SourceTitle "EXT 2023"]
[Source "ChessBase"]
[SourceDate "2022.10.05"]
[SourceVersion "1"]
[SourceVersionDate "2022.10.05"]
[SourceQuality "1"]

1. e4 c5 2. Nf3 g6 3. d4 cxd4 4. Nxd4 Bg7 5. Nc3 Nc6 6. Be3 Nf6 7. Be2 0-0 8. Qd2 d6 9. f3 Bd7 10. 0-0-0 a6 11. g4 b5 12. Nxc6 Bxc6 13. g5 Nd7 14. Bd4 Qa5 15. Bxg7 Kxg7 16. a3 b4 17. Qd4+ Kg8 18. Qxb4 Qxg5+ 19. Kb1 Qc5 20. Qxc5 Nxc5 21. Nd5 Bxd5 22. Rxd5 Rfc8 23. h4 a5 24. h5 Ra7 25. hxg6 fxg6 26. e5 dxe5 27. Rxe5 Rcc7 28. Bd1 Nb7 29. c3 Rd7 30. Bb3+ 1-0

[Event "Pan American-ch U1700"]
[Site "Timbo"]
[Date "2021.12.05"]
[Round "9"]
[White "Romais, Rodrigo"]
[Black "Pavao, Alice Lara Biasi"]
[Result "1-0"]
[WhiteElo "1594"]
[BlackElo "1132"]
[PlyCount "103"]
[EventDate "2021.12.01"]
[EventType "swiss"]
[EventRounds "9"]
[EventCountry "BRA"]
[SourceTitle "CBM 205 Extra"]
[Source "ChessBase"]
[SourceDate "2022.01.31"]
[SourceVersion "1"]
[SourceVersionDate "2022.01.31"]
[SourceQuality "1"]

1. e4 c5 2. Nf3 g6 3. d3 Bg7 4. g3 Nc6 5. Bg2 Nf6 6. 0-0 0-0 7. c4 d6 8. Re1 Rb8 9. Nc3 a6 10. Rb1 Bd7 11. Be3 Ng4 12. Qd2 Nxe3 13. Rxe3 Bh6 14. h4 Bxe3 15. Qxe3 Qc8 16. Qh6 f6 17. a3 Bh3 18. b4 Bxg2 19. Kxg2 cxb4 20. axb4 Qe6 21. Nd5 Ne5 22. Nf4 Qf7 23. Nxe5 fxe5 24. Nh3 Qf3+ 25. Kh2 Qf7 26. Rb2 Qg7 27. Qe3 b5 28. Qa7 Ra8 29. Qb7 Rfb8 30. Qd7 bxc4 31. dxc4 Qf8 32. Ng5 Qe8 33. Qe6+ Kg7 34. Qg4 Qc8 35. Qf3 Qg8 36. Qg4 h6 37. Ne6+ Kf6 38. Nc7 Ra7 39. Nd5+ Kg7 40. h5 Qf7 41. f4 Kh7 42. fxe5 gxh5 43. Qh4 Qg7 44. Qxh5 Qxe5 45. Qf7+ Qg7 46. Qf2 Rf8 47. Qe2 Rg8 48. Qf2 Qf8 49. Qxa7 Qg7 50. Qxe7 Kh8 51. Qxg7+ Rxg7 52. Kg2 1-0

[Event "Pan American-ch U1700"]
[Site "Timbo"]
[Date "2021.12.03"]
[Round "6"]
[White "Pavao, Alice Lara Biasi"]
[Black "Cuco, Gustavo Henrique"]
[Result "0-1"]
[WhiteElo "1132"]
[BlackElo "1153"]
[PlyCount "44"]
[EventDate "2021.12.01"]
[EventType "swiss"]
[EventRounds "9"]
[EventCountry "BRA"]
[SourceTitle "CBM 205 Extra"]
[Source "ChessBase"]
[SourceDate "2022.01.31"]
[SourceVersion "1"]
[SourceVersionDate "2022.01.31"]
[SourceQuality "1"]

1. c4 f5 2. g3 Nf6 3. Bg2 e6 4. Nf3 c6 5. 0-0 d5 6. d3 Bd6 7. Nc3 0-0 8. a3 a5 9. Rb1 Bd7 10. b4 axb4 11. axb4 Be8 12. c5 Bc7 13. Ng5 Qe7 14. Re1 Bh5 15. Nh3 Nbd7 16. Nf4 b5 17. Nxh5 Nxh5 18. e4 fxe4 19. Qxh5 Qf6 20. Qg4 Qxf2+ 21. Kh1 Qxe1+ 22. Bf1 Qxf1# 0-1

[Event "Pan American-ch U1700"]
[Site "Timbo"]
[Date "2021.12.02"]
[Round "4"]
[White "Pavao, Alice Lara Biasi"]
[Black "Jardim, Tamiris Salvador"]
[Result "1/2-1/2"]
[WhiteElo "1132"]
[BlackElo "1503"]
[PlyCount "126"]
[EventDate "2021.12.01"]
[EventType "swiss"]
[EventRounds "9"]
[EventCountry "BRA"]
[SourceTitle "CBM 205 Extra"]
[Source "ChessBase"]
[SourceDate "2022.01.31"]
[SourceVersion "1"]
[SourceVersionDate "2022.01.31"]
[SourceQuality "1"]

1. c4 Nf6 2. g3 g6 3. Bg2 Bg7 4. Nf3 d6 5. 0-0 0-0 6. Nc3 Nbd7 7. Rb1 e5 8. a3 Qe7 9. b4 c6 10. d3 d5 11. cxd5 cxd5 12. Bd2 Nb6 13. Qc1 Bg4 14. h3 Bxf3 15. Bxf3 Rac8 16. Qd1 Rfd8 17. Qb3 e4 18. Bg2 a6 19. dxe4 dxe4 20. Bg5 Qe5 21. Bxf6 Bxf6 22. Nxe4 Nc4 23. Qa2 b5 24. Rbd1 Be7 25. e3 Kg7 26. Nd2 Nb2 27. Nf3 Qf6 28. Rd4 Na4 29. Rf4 Qe6 30. Qxe6 fxe6 31. Ne5 Bf6 32. Ng4 Bb2 33. Bb7 Rb8 34. Bg2 Nc3 35. Bf3 Rd2 36. Ne5 Ne2+ 37. Bxe2 Bxe5 38. Re4 Bb2 39. Bf3 e5 40. Rb1 Kf6 41. g4 h6 42. Kg2 Rc8 43. Kg3 Rc4 44. Rxc4 bxc4 45. a4 c3 46. Be4 c2 47. Bxc2 Rxc2 48. b5 axb5 49. axb5 e4 50. b6 Be5+ 51. Kg2 Rb2 52. Rxb2 Bxb2 53. Kg3 Be5+ 54. f4 exf3+ 55. Kxf3 Kg5 56. Ke4 Bb8 57. Kd5 Kf6 58. h4 g5 59. h5 Ke7 60. Ke4 Ke6 61. Kd4 Kd6 62. Ke4 Ke6 63. Kd4 Kd6 1/2-1/2